=LDR 00000nam 2200000 4500 =001 INLIS000000000029650 =005 20130612131851 =008 ***********************************Ind** =035 ##$$0010-061300000029650 =041 ##$$a Ind =082 ##$$a 540.7 =090 ##$$a 540.7, Kam-m =100 ##$$a KAMILATI, Nurul =245 ##$$a Mengenal Kimia 2 SMP Kelas VIII, Nurul Kamilati =250 ##$$a Seri IPA =260 ##$$a 2006 $b Jakarta =300 ##$$a viii, 118 hlm., ilus, 28 cm =650 ##$$a Kimia-Pelajaran SMP =850 ##$$a NBPNMAT